Estadísticas para Rosco de Pasapalabra #11

Haz click aquí para intentar la prueba.

Estadísticas generales

  • Esta prueba ha sido intentada 189 veces
  • La puntuación promedio es 11 de 25

Estadísticas de respuestas

InicialDefiniciónRespuesta% Correcto
EParte posterior del cuerpo humano, desde los hombros hasta la cinturaEspalda
86%
FPila o recipiente con desagüe donde se limpian los utensilios de cocina restregándolos con un estropajoFregadero
85%
BUtensilio para iluminar consistente en una ampolla de cristal con un filamento en su interiorBombilla
82%
SSueño que se toma después de comerSiesta
78%
DReptil fósil, propio del Mesozoico, generalmente de gran tamaño, como el diplodocus y el velocirraptorDinosaurio
69%
NPieza de caucho con cámara de aire o sin ella, que se monta sobre la llanta de una ruedaNeumático
67%
ACuarto de reducido tamaño de un edificio, con lavabo, inodoro y, a veces, algún otro sanitarioAseo
61%
YColoquialmente, abueloYayo
61%
ISuplantador, persona que se hace pasar por quien no esImpostor
60%
ZGerundio del verbo zurrarZurrando
57%
PMezcla explosiva de distintas composiciones, que es el principal agente de la pirotecniaPólvora
54%
HCuerpo geométrico de siete carasHeptaedro
51%
LSe dice de la tela o de la prenda de vestir de un solo colorLiso
50%
Contiene la QCualidad de lo que no está mojado o húmedoSequedad
48%
MPasta alimenticia de harina que tiene forma de canuto más o menos alargadoMacarrón
46%
VPersona que va a pie por un camino, calle o carreteraViandante
42%
JNombre dado a Dios en la lengua hebreaJehova
36%
Contiene la XAcción y efecto de pensar atenta y detenidamente sobre algoReflexión
34%
CLance del billar en el que la bola arrojada toca a otras dosCarambola
30%
Contiene la ÑAnimal dañino para el ganado o para la caza menorAlimaña
22%
UMovimiento contracultural que promueve manifestaciones artísticas marginales y contestatariasUnderground
9%
GIsla de las Islas Salomón en la que se encuentra la ciudad de Honiara, capital del paísGuadalcanal
6%
RPalabra o frase innecesaria que se emplea solamente para completar un verso o conseguir una rimaRipio
4%
OFeldespato de estructura laminar y color blanco o gris, abundante en las rocas ígneas, como el granitoOrtosa
2%
TApellido de la escritora autora de la novela 'Como si existiese el perdón'Travacio
1%

Distribución de puntuación

Porcentaje por número respondido

Porcentaje de gente con cada puntuación

Historial de tus puntuaciones

No has intentado esta prueba.